000
00287nam a2200097Ia 4500
008
200302s9999 xx 000 0 und d
100
_a
Michael Mc Curdy
245
_a
The Illustrated Harvard Harvard University in wood Engravings and Words
260
_b
The Globe Pequot Press
260
_c
1986
999
_c
2351
_d
2351